header

Black sun (Record no. 176895)

MARC details
000 -LEADER
fixed length control field 01202nam a22003014a 4500
082 04 - DEWEY DECIMAL CLASSIFICATION NUMBER
Classification number 320.53/3
100 1# - MAIN ENTRY--AUTHOR NAME
Personal name Goodrick-Clarke, Nicholas.
245 10 - TITLE STATEMENT
Title Black sun
260 ## - PUBLICATION, DISTRIBUTION, ETC. (IMPRINT)
Place of publication New York :
Name of publisher New York University Press,
Year of publication c2002.
300 ## - PHYSICAL DESCRIPTION
Number of Pages v, 371 p., [16] p. of plates :
Other physical details ill. .
650 #0 - SUBJECT ADDED ENTRY--TOPICAL TERM
Topical Term Neo-Nazism.
Topical Term Occultism.
856 40 - ELECTRONIC LOCATION AND ACCESS
Uniform Resource Identifier http://site.ebrary.com/lib/rucke/Doc?id=10032490

No items available.

© 2026 Rongo University
Contact us: librarian | system librarian | Rongo university